| 000 | 01228nam a2200265Ia 4500 | ||
|---|---|---|---|
| 999 |
_c53426 _d53426 |
||
| 001 | 20469 | ||
| 003 | GE_BSU | ||
| 005 | 20201225233803.0 | ||
| 008 | 181216s1991||||ge |||||||||||||| ||geo|| | ||
| 040 | _cGE_BSU | ||
| 041 | _ageo | ||
| 080 | _a811.353.1-8(075.3) რ-21 | ||
| 100 |
_aრამიშვილი, ვ. _99946 |
||
| 245 |
_aქართული ენა : _bმე-4 კლასის სახელმძღვანელო / _cვ.რამიშვილი, შ. თაბუკაშვილი, თ. ჩერქეზიშვილი ; რედ. გ. ახალაია. |
||
| 264 |
_aთბილისი : _bგანათლება, _c1991. |
||
| 300 |
_a288 გვ. ; _c20 სმ. |
||
| 541 | _h6ლ.90თ. | ||
| 653 | _aქართული ენა | ||
| 653 | _aმე-4 კლასის სახელმძღვანელო | ||
| 700 |
_aრამიშვილი, ვ. _eავტორი _99946 |
||
| 700 |
_aთაბუკაშვილი, შ. _eავტორი _95999 |
||
| 700 |
_aჩერქეზიშვილი, თ. _eავტორი _99925 |
||
| 700 |
_aახალაია, გ. _eრედაქტორი _99826 |
||
| 942 |
_cBK _2udc |
||